书目信息 |
| 题名: |
1979年东西星等高法计算星表
|
|
| 作者: | ;陕西省测绘局 编算 | |
| 分册: | ||
| 出版信息: | 北京 测绘出版社 1978 |
|
| 页数: | 210页 | |
| 开本: | 26cm | |
| 丛书名: | ||
| 单 册: | ||
| 中图分类: | P123.3 | |
| 科图分类: | ||
| 主题词: | 东西星等高测量法-天文计算--表格 , 天文计算-东西星等高测量法--表格 , 天体测量 | |
| 电子资源: | ||
| ISBN: | ||
| 000 | 00741nam0 2200253 45 | |
| 001 | 0178006027 | |
| 005 | 20040520165337.4 | |
| 010 | @dCNY2.15 | |
| 091 | @a15039.新92 | |
| 100 | @a19950726d1978 em y0chiy0121 ea | |
| 101 | 0 | @achi |
| 102 | @aCN@b110000 | |
| 105 | @ay z 000yy | |
| 106 | @ar | |
| 200 | 10 | @a1979年东西星等高法计算星表@A1979 nian dong xi xing deng gao fa ji suan xing biao@f陕西省革命委员会测绘局编 |
| 210 | @a北京@c测绘出版社@d1978 | |
| 215 | @a210页@d26cm | |
| 606 | @a东西星等高测量法-天文计算@x表格 | |
| 606 | @a天文计算-东西星等高测量法@x表格 | |
| 606 | 0 | @a天体测量 |
| 690 | @aP123.3 | |
| 711 | 02 | @a陕西省测绘局@Ashan xi sheng ce hui ju@4编算 |
| 801 | 0 | @aCN@bNLC@c20040520 |
| 905 | @f1@b588@dP123.3@e7-1 | |
| 1979年东西星等高法计算星表/陕西省革命委员会测绘局编.-北京:测绘出版社,1978 |
| 210页;26cm |
| ISBN :CNY2.15 |
| ● |
| 相关链接 |
|
|
|
|
正题名:1979年东西星等高法计算星表
索取号:P123.3/7-1
 
预约/预借
| 序号 | 登录号 | 条形码 | 馆藏地/架位号 | 状态 | 备注 |
| 1 | 0000587 | 000627986 | 第二样本阅览室/ [索取号:P123.3/7-1] | 在馆 | |
| 2 | 0000588 | 000627977 | 第三借阅区/ [索取号:P123.3/7-1] | 在馆 |